| 000 | 00743nam a22002777a 4500 | ||
|---|---|---|---|
| 003 | CHAP | ||
| 005 | 20220329135219.0 | ||
| 008 | 971013s1980 r 00010 d | ||
| 010 | _a32730 | ||
| 011 | _a33702 | ||
| 035 | _a37818 | ||
| 040 | _cCHAP | ||
| 090 | _aFolleto 8003 | ||
| 245 | _aCucumbers | ||
| 260 |
_aLondon : _bGrower Books, _c1980 |
||
| 300 |
_a72 p. _b: ilus. |
||
| 490 |
_aGrower guide _v; 15 |
||
| 590 |
_aBATCH-UPD _b10 _c20130110 _lUCH01 _h0212 |
||
| 590 |
_aBATCH-UPD _b10 _c20130110 _lUCH01 _h2214 |
||
| 590 |
_aCONVERSION _b10 _c20130109 _lUCH01 _h1318 |
||
| 650 | 1 | 4 |
_aPepino. _986895 |
| 830 | 0 |
_aGrower guide _v; 15 _950840 |
|
| 901 | _aBK | ||
| 942 | _cFOLL | ||
| 949 |
_aFolleto 8003 _bBC _cFOLL _d-86607 _eTS1 _i37818 _si |
||
| 999 |
_c32730 _d32730 |
||